000 00429nam a22001577a 4500
005 20240802083012.0
008 240802b |||||||| |||| 00| 0 eng d
041 _aEnglish
082 _a349 NAT
100 _lEnglish
245 _aNatal Law Reports
260 _aPietermaritzburg:
_bNatal,
_c1879-80
300 _bxvi, 267 pages;
_c25 cm.
650 _aLegal practice
_bLaw
942 _cBK
_6ALISON_BN_VRIES
999 _c2376
_d2376